The 7 habits of highly effective families / (Record no. 344336)
[ view plain ]
| 000 -LEADER | |
|---|---|
| fixed length control field | 00768 a2200181 4500 |
| 020 ## - INTERNATIONAL STANDARD BOOK NUMBER | |
| International Standard Book Number | 0684860082 |
| 020 ## - INTERNATIONAL STANDARD BOOK NUMBER | |
| International Standard Book Number | 9780684860084 |
| 082 04 - DEWEY DECIMAL CLASSIFICATION NUMBER | |
| Classification number | 158 |
| Author Mark | COV |
| 100 1# - MAIN ENTRY--PERSONAL NAME | |
| Personal name | Covey, Stephen R. |
| 9 (RLIN) | 346 |
| 245 14 - TITLE STATEMENT | |
| Title | The 7 habits of highly effective families / |
| Statement of responsibility, etc. | Stephen R. Covey. |
| 260 ## - PUBLICATION, DISTRIBUTION, ETC. | |
| Place of publication, distribution, etc. | [S.l.] : |
| Name of publisher, distributor, etc. | Simon & Schuster Ltd, |
| Date of publication, distribution, etc. | 1997. |
| 300 ## - PHYSICAL DESCRIPTION | |
| Extent | 390 p. ; |
| Dimensions | 24 cm. |
| 500 ## - GENERAL NOTE | |
| General note | Paperback. |
| 520 ## - SUMMARY, ETC. | |
| Summary, etc. | Presents the reader with a holistic, integrated and principle-centred approach to creating a powerful and positive relationship within the family. |
| 856 40 - ELECTRONIC LOCATION AND ACCESS | |
| Materials specified | Amazon.com |
| Uniform Resource Identifier | <a href="http://www.amazon.com/exec/obidos/ASIN/0684860082/chopaconline-20">http://www.amazon.com/exec/obidos/ASIN/0684860082/chopaconline-20</a> |
| 856 40 - ELECTRONIC LOCATION AND ACCESS | |
| Materials specified | Amazon customer reviews |
| Uniform Resource Identifier | <a href="http://www.chopac.org/cgi-bin/tools/azrev.pl?q=0684860082">http://www.chopac.org/cgi-bin/tools/azrev.pl?q=0684860082</a> |
| 942 ## - ADDED ENTRY ELEMENTS (KOHA) | |
| Institution code [OBSOLETE] | NBS |
| Koha item type | Book |
| Call number prefix | 649.1 COV |
| Source of classification or shelving scheme | |
| Withdrawn status | Lost status | Source of classification or shelving scheme | Damaged status | Not for loan | Permanent Location | Current Location | Date acquired | Total Checkouts | Full call number | Barcode | Date last seen | Date last checked out | Price effective from | Koha item type |
|---|---|---|---|---|---|---|---|---|---|---|---|---|---|---|
| Central Library (CL) | Central Library (CL) | 08/28/2013 | 5 | 158 COV | NBS7070 | 01/01/2026 | 12/08/2025 | 08/28/2013 | Book |
